Southville International School and Colleges
Your cart is empty.
  • Cart
  • Lists
    Public lists Eva Luna New books Lux_list list_1
    Your lists Log in to create your own lists
  • Log in to your account
  • Your cookies
  • Search history
Southville International School and Colleges
  • Advanced search
  • Recent comments
  • Most popular
  • Libraries

Log in to your account

Log in with GOOGLE


If you do not have an external account, but do have a local account, you can still log in:

  1. Home
  2. MARC view: Essentials of business law :
Normal view MARC view ISBD view

Essentials of business law : (Record no. 17855)

[ view plain ]
MARC details
000 -LEADER
fixed length control field 00559nam a22002057a 4500
003 - CONTROL NUMBER IDENTIFIER
control field OSt
005 - DATE AND TIME OF LATEST TRANSACTION
control field 20140310182948.0
008 - FIXED-LENGTH DATA ELEMENTS--GENERAL INFORMATION
fixed length control field 130205t xxu||||| |||| 00| 0 eng d
020 ## - INTERNATIONAL STANDARD BOOK NUMBER
International Standard Book Number 9789712346804
050 ## - LIBRARY OF CONGRESS CALL NUMBER
Classification number KPM 856
Item number .C34 2006
100 ## - MAIN ENTRY--PERSONAL NAME
Personal name Cahayon, Felipe P.
245 ## - TITLE STATEMENT
Title Essentials of business law :
Statement of responsibility, etc Felipe P. Cahayon
Remainder of title (for CPA board reviewees) /
260 ## - PUBLICATION, DISTRIBUTION, ETC. (IMPRINT)
Place of publication, distribution, etc Manila :
Name of publisher, distributor, etc Rex Book Store,
Date of publication, distribution, etc 2006.
300 ## - PHYSICAL DESCRIPTION
Extent xvii, 180 p. :
Dimensions 23 cm.
521 ## - TARGET AUDIENCE NOTE
Target audience note
650 ## - SUBJECT ADDED ENTRY--TOPICAL TERM
Topical term or geographic name as entry element Business law.
942 ## - ADDED ENTRY ELEMENTS (KOHA)
Source of classification or shelving scheme Library of Congress Classification
Koha item type Books
Call number prefix Local
Holdings
Withdrawn status Lost status Source of classification or shelving scheme Damaged status Home library Current library Shelving location Date acquired Source of acquisition Total Checkouts Total Renewals Full call number Barcode Date last seen Date checked out Copy number Price effective from Koha item type
    Library of Congress Classification   College Library College Library Filipiniana Section 12/05/2013 Library Fund 2 20 KPM 856 .C34 2006 C8627 05/08/2018 11/28/2015 1 12/05/2013 Books
    Library of Congress Classification   College Library College Library Filipiniana Section 12/05/2013 Library Fund 1 8 KPM 856 .C34 2006 C8628 05/08/2018 07/03/2015 2 12/05/2013 Books

Essentials of business law :

APA

Cahayon F. P., . (2006). Essentials of business law. Manila: Rex Book Store.

Chicago

Cahayon Felipe P, . 2006. Essentials of business law. Manila: Rex Book Store.

Harvard

Cahayon F. P., . (2006). Essentials of business law. Manila: Rex Book Store.

MLA

Cahayon Felipe P, . Essentials of business law. Manila: Rex Book Store. 2006.

  • Place hold
  • Print
  • Cite
  • Add to your cart (remove)
  • Save record
    BIBTEX Dublin Core MARCXML MARC (non-Unicode/MARC-8) MARC (Unicode/UTF-8) MARC (Unicode/UTF-8, Standard) MODS (XML) RIS
  • More searches
    Search for this title in:
    Other Libraries (WorldCat) Other Databases (Google Scholar) Online Stores (Bookfinder.com) Open Library (openlibrary.org)

Exporting to Dublin Core...

SOUTHVILLE LIBRARY

Southville International School and Colleges Library

1281 Tropical Ave. Cor. Luxembourg St., BF Homes International, Las Pinas City

Tel. No. 8256374 / 252358 Loc. 117/146

Powered by Koha